Фильмы с Рутгером Хауэром - Армагеддон - Statistics

General Stats
  • This quiz has been taken 7 times
  • The average score is 5 of 15
Answers on the Grid
Answers color-coded by a green-red scale on the quiz's grid according to % correct below.
Город грехов
Розовые фламинго
Арктическая тоска
В аду
Фатерлянд
Дагон
Профессионал
Выстрел в упор
Кровь героев
Побег из Собибора
Водный мир
Бомж с дробовиком
Слепая ярость
Дракула 2000
Вслепую
Ночные ястребы
Смерти вопреки
Бегущий по лезвию
Пианист
Доля секунды
Барбаросса
Наудачу, Бальтазар
Красный рассвет
Без вести пропавшие
Недобрые воды
Бегущий по лезвию 2049
Достучаться до небес
В лунную ночь
Разговор
Останься со мной
 
Answer Stats
Answer % Correct
Бомж с дробовиком
83%
Слепая ярость
83%
Бегущий по лезвию
83%
Побег из Собибора
33%
Вслепую
33%
Доля секунды
33%
Город грехов
17%
Арктическая тоска
17%
Фатерлянд
17%
Кровь героев
17%
Ночные ястребы
17%
Барбаросса
17%
Недобрые воды
17%
Достучаться до небес
17%
В лунную ночь
17%
No matching quizzes found
Score Distribution
Percent of People with Each Score
Percentile by Number Answered
Your Score History
You have not taken this quiz